000 00683nam a2200205Ia 4500
001 15241
003 GE_BSU
008 181216s||||||||xx |||||||||||||| ||und||
040 _cGE_BSU
080 _a821.353.1-32
100 _aჩიქოვანი,გრიგოლ
245 _aრჩეული: მოთხრობები
245 _cრედ.ზ.აბესაძე. მხატვ. დ.ზარაფიშვილი
260 _aთბილისი
260 _bსაბჭოთა საქართველო
260 _c1967
300 _a671გვ.1ფ.პორტრ.21სმ.
653 _aმოთხრობები
942 _cBK
999 _c48353
_d48353